| 000 | 00575nam a2200193Ia 4500 | ||
|---|---|---|---|
| 008 | 140626s9999 xx 000 0 und d | ||
| 100 | _aGeorge, Cherian. | ||
| 245 |
_aKyu Ho Youm on free speech as a universal value : _b globalising the values of the US first amendment / _c Cherian.George |
||
| 260 | _cc2013. | ||
| 300 | _a40 : 3, page 204 | ||
| 440 | _aMedia Asia | ||
| 521 | _aMC | ||
| 650 | _aCommunication. | ||
| 650 | _aFree speech. | ||
| 650 | _aGlobalization. | ||
| 650 | _aUniversal value of free speech. | ||
| 650 | _aUs first amendment. | ||
| 942 | _cSE | ||
| 999 |
_c121203 _d121203 |
||